Kolarze z najwieksza liczbą wygranych w w historii - Statystyki

Ogólne statystyki
  • Ten quiz został rozwiązany 12 razy
  • Średni wynik to 11 z 100
Statystyki odpowiedzi
Odpowiedź % Poprawnych
Eddy Merckx
82%
Tadej Pogacar
73%
Mark Cavendish
64%
Alejandro Valverde
45%
Peter Sagan
45%
Alberto Contador
36%
Bernard Hinault
36%
Fabian Cancellara
36%
Primoz Roglic
36%
Tom Boonen
36%
Mathieu van der Poel
27%
Miguel Indurain
27%
Remco Evenepoel
27%
Sean Kelly
27%
Tony Rominger
27%
Vincenzo NIbali
27%
Alex Zulle
18%
Fausto Coppi
18%
Freddy Maertens
18%
Gianni Bugno
18%
Jacques Anquetil
18%
Laurent Jalabert
18%
Mads Pedersen
18%
Marino Basso
18%
Mario Cipollini
18%
Olaf Ludwig
18%
Philippe Gilbert
18%
Thor Hushovd
18%
Adriano Baffi
9%
Alessandro Petacchi
9%
Alexander Kristoff
9%
Alfredo Binda
9%
Andre Greipel
9%
Arnaud Demare
9%
Bryan Coquard
9%
Davide Rebellin
9%
Dylan Groenewegen
9%
Eddy Planckaert
9%
Edvard Boasson Hagen
9%
Elia Viviani
9%
Erik Zabel
9%
Francesco Moser
9%
Jan Svorada
9%
Jasper Philipsen
9%
Marcel Kittel
9%
Maurizio Fondriest
9%
Miguel Poblet
9%
Paolo Bettini
9%
Rik Van Looy
9%
Robbie Mcewen
9%
Roger De Vlaeminck
9%
Tim Merlier
9%
Alfonso Gutierrez
0%
Andre Darrigade
0%
Caleb Ewan
0%
Candino Barbosa
0%
Charly Mottet
0%
Constante Girardego
0%
Delio Rodriguez
0%
Domingo Perurena
0%
Eric Vanderaerden
0%
Felice Gimondi
0%
Ferdinand Kubler
0%
Franco Bitossi
0%
Frans Verbeeck
0%
Gerrie Knetemann
0%
Gianbattista Baroncelli
0%
Gino Bartali
0%
Giuseppe Saronni
0%
Guido Bontempi
0%
Herman Van Springel
0%
Jaan Kirsipuu
0%
Jan Raas
0%
Jean-Luc Vandenbroucke
0%
Jean-Paul van Poppel
0%
Jelle Nijdam
0%
Jens Voigt
0%
Jeroen Blijlevens
0%
Joaquim Agostinho
0%
Johan Museeuw
0%
Joop Zoetemelk
0%
Learco Guerra
0%
Louison Bobet
0%
Luis Ocana
0%
Marcel Wust
0%
Mariano Canardo
0%
Moreno Argentin
0%
Nacer Bouhanni
0%
Nicolas Frantz
0%
Noel Dejonckheere
0%
Oscar Freire
0%
Patrick Sercu
0%
Phil Anderson
0%
Raymond Poulidor
0%
Rick Van Steenbergen
0%
Rudi Altig
0%
Sam Bennett
0%
Tom Steels
0%
Tony Martin
0%
Walter Godefroot
0%
Nie znaleziono quizów pasujących do podanych kryteriów
Rozkład punktacji
Procent ludzi z każdym wynikiem
Percentyl według liczby udzielonych odpowiedzi
Twoja historia wyników
Nie rozwiązałeś tego quizu